| 000 | 01001nam0a22002291 4500 | ||
|---|---|---|---|
| 001 | rc\3044540 | ||
| 005 | 20260407191603.0 | ||
| 035 | _a(NLR Aleph) 007184378 | ||
| 090 |
_a7474437 _c7474437 |
||
| 100 | _a20111007d1936 |||y0rusy50 ca | ||
| 101 | 0 | _arus | |
| 102 | _aRU | ||
| 105 | _ay z ||||| | ||
| 200 | 1 |
_aТруды _eТ. 1 - _fМ-во пром. прод. товаров СССР. Всесоюз. науч.-исслед. витаминный ин-т |
|
| 210 |
_aМосква _cПищепромиздат _d1936 |
||
| 300 | _aПеречень имеющихся в библиотеке томов, номеров, годов этого издания смотри в каталоге периодических изданий | ||
| 710 | 0 | 2 |
_aВсесоюзный научно-исследовательский витаминный институт _3RU\NLR\AUTH\8810124738 _9747052 |
| 801 | 0 |
_aRU _bNLR _gpsbo |
|
| 801 | 1 |
_aRU _bELAR _2rusmarc |
|
| 852 |
_aNLR _jП11/958 |
||
| 942 | _cBOOK | ||
| 980 | _aNB | ||